000 00535nam a2200193Ia 4500
005 20250508154856.0
008 008 250505s9999 xx 000 0 eng d
037 _aBooks to be hide in OPAC
040 _aFEDL
_beng
_cFEDL
041 _aeng
_2eng
084 _a700, MAR/O
_qFEDL
100 _aMartindale Andrew
245 0 _aMan and the renaissance
260 _aLondon, UK
_bPaul Hamlyn
_c1966
300 _a176p.
546 _aLandmarks of the world's art
942 _cHB
_h700, MAR/O
999 _c1352550
_d1352550